Statistics for US Counties on Islands

Click here to take the quiz!

General Stats

  • This quiz has been taken 11 times
  • The average score is 13 of 26

Answer Stats

% on IslandsAnswer% Correct
100Hawaii HI
100%
100Kauai HI
75%
100Maui HI
75%
100Nantucket MA
75%
100Brooklyn NY
63%
100Honolulu HI
63%
99.9Manhattan NY
63%
100Queens NY
63%
100Sitka AK
63%
100Staten Island NY
63%
100Suffolk NY
63%
100Island WA
50%
100Nassau NY
50%
100San Juan WA
50%
100Aleutians West AK
38%
56Beaufort SC
38%
51Bristol RI
38%
100Dukes MA
38%
64Grand Isle VT
38%
100Kalawao HI
38%
31Ketchikan Gateway AK
38%
39Keweenaw MI
38%
77Kodiak Island AK
38%
28Petersburg AK
38%
95Prince of Wales-Hyder AK
38%
41Hoonah-Angoon AK
13%

Score Distribution

Percentile by Number Answered

Percent of People with Each Score

Your Score History

You have not taken this quiz